| 000 | 00810nam a22002057a 4500 | ||
|---|---|---|---|
| 001 | BD-DhSAU 10350 | ||
| 003 | BD-DhSAU | ||
| 005 | 20150627113423.0 | ||
| 008 | 150530b1988 bg ||||| |||| 00| 0 eng d | ||
| 040 | _aBD-DhSAU | ||
| 082 |
_222 _a... _bচৌধুবা |
||
| 100 | _aচৌধুরী, মোমেন | ||
| 245 |
_aবাংলাদেশের লৌকিক আচার-অনুষ্ঠান জন্ম ও বিবাহ / _cমোমেন চৌধুরী |
||
| 260 |
_aঢাকা : _bবাংলা একাডেমী, _c১৯৮৮. |
||
| 300 |
_a২৫৫ পৃ। : _c২২ সে মি। _bচিত্র ; |
||
| 590 | _aJerin | ||
| 650 | _aলৌকিক আচার-অনুষ্ঠান | ||
| 651 | _aবাংলাদেশ | ||
| 942 |
_2ddc _cBOOK |
||
| 999 |
_c10350 _d10349 |
||